MARC details
| 000 -LEADER |
| fixed length control field |
02771cam a22003978a 4500 |
| 001 - CONTROL NUMBER |
| control field |
7390150 |
| 003 - CONTROL NUMBER IDENTIFIER |
| control field |
ARRUPE |
| 005 - DATE AND TIME OF LATEST TRANSACTION |
| control field |
20150907145619.0 |
| 008 - FIXED-LENGTH DATA ELEMENTS--GENERAL INFORMATION |
| fixed length control field |
090323s2009 iluab b 001 0 eng |
| 015 ## - NATIONAL BIBLIOGRAPHY NUMBER |
| National bibliography number |
GBA930086 |
| Source |
bnb |
| 016 7# - NATIONAL BIBLIOGRAPHIC AGENCY CONTROL NUMBER |
| Record control number |
014937117 |
| Source |
Uk |
| 020 ## - INTERNATIONAL STANDARD BOOK NUMBER |
| International Standard Book Number |
9780226317786 (pbk. : alk. paper) |
| 020 ## - INTERNATIONAL STANDARD BOOK NUMBER |
| International Standard Book Number |
0226317781 (pbk. : alk. paper) |
| 035 ## - SYSTEM CONTROL NUMBER |
| System control number |
(OCoLC)ocn317251486 |
| 035 ## - SYSTEM CONTROL NUMBER |
| System control number |
(OCoLC)317251486 |
| 040 ## - CATALOGING SOURCE |
| Original cataloging agency |
UKM |
| Transcribing agency |
UKM |
| Modifying agency |
UPP |
| -- |
IAO |
| 049 ## - LOCAL HOLDINGS (OCLC) |
| Holding library |
ZCUA |
| 082 04 - DEWEY DECIMAL CLASSIFICATION NUMBER |
| Classification number |
509 |
| Edition number |
22 |
| 090 ## - LOCALLY ASSIGNED LC-TYPE CALL NUMBER (OCLC); LOCAL CALL NUMBER (OCLC) |
| Classification number (OCLC) (R) ; Classification number, CALL (RLIN) (NR) |
Q125 |
| Local cutter number (OCLC) ; Book number/undivided call number, CALL (RLIN) |
.N338 2009 |
| 300 ## - PHYSICAL DESCRIPTION |
| Other physical details |
ill., maps ; |
| Dimensions |
26 cm. |
| 245 00 - TITLE STATEMENT |
| Title |
National identity : |
| Remainder of title |
the role of science and technology / |
| Statement of responsibility, etc |
edited by Carol E. Harrison and Ann Johnson. |
| 246 30 - VARYING FORM OF TITLE |
| Title proper/short title |
Role of science and technology |
| 260 ## - PUBLICATION, DISTRIBUTION, ETC. (IMPRINT) |
| Place of publication, distribution, etc |
Chicago, IL : |
| Name of publisher, distributor, etc |
University of Chicago Press ; |
| Place of publication, distribution, etc |
Bristol : |
| Name of publisher, distributor, etc |
University Presses Marketing [distributor], |
| Date of publication, distribution, etc |
c2009. |
| 263 ## - PROJECTED PUBLICATION DATE |
| Projected publication date |
200905 |
| 300 ## - PHYSICAL DESCRIPTION |
| Extent |
308 p. : |
| 490 1# - SERIES STATEMENT |
| Series statement |
Osiris, |
| International Standard Serial Number |
0369-7827 ; |
| Volume number/sequential designation |
v. 24 |
| 504 ## - BIBLIOGRAPHY, ETC. NOTE |
| Bibliography, etc |
Includes bibliographical references and index. |
| 505 0# - FORMATTED CONTENTS NOTE |
| Formatted contents note |
Introduction : science and national identity / Carol E. Harrison and Ann Johnson -- The new Rome : infrastructure and national identity on the Canal du Midi / Chandra Mukerji -- Projections of the revolutionary nation : French expeditions in the Pacific, 1791-1803 / Carol E. Harrison -- Material experiments : environment and engineering institutions in the early American republic / Ann Johnson -- The children's republic of science in the antebellum literature of Samuel Griswold Goodrich and Jacob Abbott / Katherine Pandora -- Points critical : Russia, Ireland, and science at the boundary / Michael D. Gordin -- Germans in Russia : Cold War, technology transfer, and national identity / Asif A. Siddiqi -- Communicating the north : scientific practice and Canadian postwar identity / Edward Jones-Imhotep -- The coproduction of neutral science and neutral state in Cold War Europe : Switzerland and international scientific cooperation, 1851-69 / Bruno J. Strasser -- "Signs of the times" : medicine and nationhood in British India / Pratik Chakrabarti -- MIT-trained Swadeshis : MIT and Indian nationalism, 1880-1947 / Ross Bassett -- Taking to the field : geological fieldwork and national identity in republican China / Grace Yen Shen -- Justice, geography, and steel : technology and national identity in Indonesian industrialization / Suzanne Moon -- European experiments / Alfred Nordmann. |
| 650 #0 - SUBJECT ADDED ENTRY--TOPICAL TERM |
| Topical term or geographic name as entry element |
Science |
| General subdivision |
History. |
| 9 (RLIN) |
18944 |
| 650 #0 - SUBJECT ADDED ENTRY--TOPICAL TERM |
| Topical term or geographic name as entry element |
Science |
| General subdivision |
Social aspects. |
| 9 (RLIN) |
9989 |
| 650 #0 - SUBJECT ADDED ENTRY--TOPICAL TERM |
| Topical term or geographic name as entry element |
National characteristics. |
| 9 (RLIN) |
18945 |
| 650 #0 - SUBJECT ADDED ENTRY--TOPICAL TERM |
| Topical term or geographic name as entry element |
Technology |
| General subdivision |
History. |
| 9 (RLIN) |
9991 |
| 700 1# - ADDED ENTRY--PERSONAL NAME |
| Personal name |
Harrison, Carol E. |
| 9 (RLIN) |
18946 |
| Relator code |
ed. |
| 700 1# - ADDED ENTRY--PERSONAL NAME |
| Personal name |
Johnson, Ann. |
| 9 (RLIN) |
18947 |
| Relator code |
ed. |
| 830 #0 - SERIES ADDED ENTRY--UNIFORM TITLE |
| Uniform title |
Osiris (Bruges, Belgium) ; |
| Volume number/sequential designation |
2nd ser. v. 24 |
| 9 (RLIN) |
18948 |
| 942 ## - ADDED ENTRY ELEMENTS (KOHA) |
| Source of classification or shelving scheme |
Library of Congress Classification |
| Koha item type |
Monograph ( Printed materials) |